[Event "24th Reykjavik op"]
[Site "Reykjavik ISL"]
[Date "2009.03.28"]
[Round "5.53"]
[White "Karlsson, Mikael Johann"]
[Black "Sverrisson, Nokkvi"]
[WhiteElo "1505"]
[BlackElo "1675"]
[Result "1-0"]
[EventDate "2009.03.24"]
[PlyCount "121"]

1.c4 Nf6 2.g3 g6 3.Bg2 Bg7 4.Nc3 O-O 5.Nf3 d6 6.O-O Nbd7 7.d3 e5 8.Bg5 h6 
9.Bd2 Kh7 10.Qc2 Ng8 11.e3 f5 12.d4 e4 13.Ne1 Ngf6 14.f3 exf3 15.Nxf3 Re8 
16.Rae1 c6 17.e4 Nf8 18.Nh4 fxe4 19.Nxe4 Nxe4 20.Bxe4 Kh8 21.Bc3 Bh3 22.
Rf7 d5 23.cxd5 cxd5 24.Bxg6 Rxe1+ 25.Bxe1 Bxd4+ 26.Bf2 Qb6 27.Qd2 Bxf2+ 
28.Rxf2 Kg7 29.Qf4 Be6 30.Qf6+ Kg8 31.Bf7+ Kh7 32.Nf5 Bxf5 33.Qxf5+ Kg7 
34.Bxd5 Qg6 35.Qxg6+ Kxg6 36.Bxb7 Rd8 37.Be4+ Kg7 38.Kg2 Ne6 39.b3 Ng5 40.
Bf5 Rd6 41.h4 Nf7 42.Rc2 Kf6 43.Be4 Ne5 44.Kh3 Rd4 45.Bg2 a5 46.Bc6 Rd6 
47.Ba4 Rd5 48.Rf2+ Ke6 49.b4 Rd8 50.Bb3+ Ke7 51.Rf5 Nc6 52.bxa5 Ra8 53.
Rf7+ Ke8 54.Rh7 Rxa5 55.Rxh6 Ne7 56.Rf6 Re5 57.Kg4 Re4+ 58.Rf4 Re1 59.h5 
Rh1 60.Kg5 Rg1 61.g4 1-0

[Event "24th Reykjavik op"]
[Site "Reykjavik ISL"]
[Date "2009.03.28"]
[Round "5.55"]
[White "Gasanova, Ulker"]
[Black "Sigurdsson, Birkir Karl"]
[WhiteElo "1646"]
[BlackElo "1355"]
[Result "0-1"]
[EventDate "2009.03.24"]
[PlyCount "40"]

1.e4 e5 2.Nf3 Nc6 3.d4 exd4 4.Nxd4 Nf6 5.Bg5 Be7 6.Bxf6 Bxf6 7.c3 O-O 8.
Bc4 Re8 9.f3 d5 10.Nxc6 bxc6 11.Bb3 Ba6 12.Nd2 Be5 13.Ba4 Qh4+ 14.g3 Bxg3+
15.hxg3 Qxh1+ 16.Kf2 Qh2+ 17.Ke3 Qh6+ 18.Kf2 dxe4 19.Kg1 exf3 20.Nxf3 Be2 
0-1

[Event "24th Reykjavik op"]
[Site "Reykjavik ISL"]
[Date "2009.03.29"]
[Round "6.1"]
[White "Guilleux, Fabien"]
[Black "Kryvoruchko, Yuriy"]
[WhiteElo "2303"]
[BlackElo "2604"]
[Result "0-1"]
[EventDate "2009.03.24"]
[PlyCount "50"]

1.Nf3 c5 2.c4 Nc6 3.d4 cxd4 4.Nxd4 e6 5.g3 Bb4+ 6.Nc3 Qa5 7.Nb5 d5 8.Bg2 
a6 9.cxd5 exd5 10.O-O axb5 11.Nxd5 Nge7 12.e4 O-O 13.Bf4 Bc5 14.Bc7 Qa7 
15.Qh5 b6 16.Bf4 Ng6 17.e5 Be6 18.Nf6+ gxf6 19.Bxc6 fxe5 20.Bxe5 Rac8 21.
Bxb5 Be7 22.Bd4 Rfd8 23.Bc3 Rd5 24.Qe2 Qa8 25.Bc4 Rg5 0-1

[Event "24th Reykjavik op"]
[Site "Reykjavik ISL"]
[Date "2009.03.29"]
[Round "6.2"]
[White "Steingrimsson, Hedinn"]
[Black "Areshchenko, Alexander"]
[WhiteElo "2547"]
[BlackElo "2673"]
[Result "1/2-1/2"]
[EventDate "2009.03.24"]
[PlyCount "115"]

1.Nf3 Nf6 2.c4 g6 3.Nc3 d5 4.cxd5 Nxd5 5.Qa4+ c6 6.Nxd5 Qxd5 7.e4 Qd6 8.d4
Bg7 9.Be3 Nd7 10.Rd1 Nb6 11.Qc2 O-O 12.Be2 Bg4 13.O-O f5 14.h3 Bxf3 15.
Bxf3 fxe4 16.Bxe4 Nd5 17.Bg5 Bf6 18.Bxf6 Rxf6 19.Rfe1 Raf8 20.Re2 Nf4 21.
Re3 Kg7 22.h4 Ne6 23.Rd2 Nxd4 24.Qc3 e5 25.g3 Rd8 26.Kg2 b6 27.b4 Qe6 28.
a4 h6 29.Re1 Qd6 30.a5 Qf8 31.Ra1 Nb5 32.Qe3 Rxd2 33.Qxd2 Nd6 34.Re1 Qe8 
35.Qe3 Nc4 36.Qc3 Qf7 37.Re2 b5 38.Bf3 Rd6 39.Re4 Qf5 40.g4 Qf6 41.h5 gxh5
42.gxh5 Rd4 43.Rg4+ Rxg4+ 44.Bxg4 Qd6 45.Bf3 c5 46.bxc5 Qxc5 47.Qd3 Qd6 
48.Qf5 Nxa5 49.Be4 Nc4 50.Qh7+ Kf8 51.Bg6 Qf6 52.Qxh6+ Ke7 53.Qh7+ Kd6 54.
Qxa7 Qg5+ 55.Kf1 Qc1+ 56.Kg2 Qg5+ 57.Kf1 Qc1+ 58.Kg2 1/2-1/2

[Event "24th Reykjavik op"]
[Site "Reykjavik ISL"]
[Date "2009.03.29"]
[Round "6.4"]
[White "Danielsen, Henrik"]
[Black "Marin, Mihail"]
[WhiteElo "2482"]
[BlackElo "2556"]
[Result "0-1"]
[EventDate "2009.03.24"]
[PlyCount "108"]

1.Nf3 Nf6 2.c4 g6 3.g3 {Theory has developed so much over the past decades
that it is not customary to analyse deviations as early as the 3rd move. 
In this case, I will break this rule, because I want to insert two games 
in which some typical plans for Black have been employed. At the critical 
stage, I somewhat hesitated between them and only my opponent's lack of 
resolution allowed me return to the right path.} ( 3.Nc3 c5 4.d4 cxd4 5.
Nxd4 Bg7 6.e4 Nc6 7.Be3 Ng4 ( {In the first phase after a2-a4 had been 
played, I mainly remembered the following game:} 7...O-O 8.Be2 d6 9.O-O 
Bd7 10.Rc1 Nxd4 11.Bxd4 Bc6 12.f3 Nd7 13.Kh1 Bxd4 14.Qxd4 Qb6 15.Qd2 Nc5 
16.Rfe1 Rad8 17.Nd5 Bxd5 18.exd5 a5 19.Bf1 Rfe8 20.Re3 e5 21.dxe6 Rxe6 {
This is possible only because the f1-bishop is passive. In my game, the 
kingside structure is more favourable for White and the bishop could get 
to d5.} 22.Rce1 Qb4 23.Qf2 Rde8 24.Rxe6 Rxe6 25.Rd1 Qa4 26.b3 Qb4 27.Kg1 
a4 $15 {Tukmakov,V (2570)-Velimirovic,D (2525)/Odessa 1975/MCD (0-1, 45)} 
) 8.Qxg4 Nxd4 9.Qd1 Ne6 10.Qd2 d6 11.Be2 Bd7 12.O-O O-O 13.Rac1 Bc6 14.
Rfd1 Nc5 15.f3 a5 16.b3 Qb6 17.Nb5 Rfc8 18.Bf1 Qd8 19.Qf2 Qe8 20.Nc3 b6 
21.Rc2 Qf8 22.Qd2 Bd7 23.Nd5 Rab8 24.Bg5 Re8 25.Re1 Rb7 26.Qf2 Bc6 27.Qh4 
{White seems to be attacking, but Black is well regrouped and will 
transpose to some sort of hedgehog.} 27...f6 28.Be3 e6 29.Nc3 Rd7 30.Bd4 
f5 $1 $15 {Keres,P-Petrosian,T/Bled/Zagreb/Belgrade 1959/Candidates/ (0-1,
51). I eventually managed to regroup in a similar way.} ) 3...Bg7 4.Bg2 c5
5.Nc3 Nc6 6.O-O O-O 7.d4 cxd4 8.Nxd4 Nxd4 9.Qxd4 d6 10.Qd3 a6 {I generally
do not like Maroczy structures with Black, but in this case I was inspired
by a game in which I had failed to prove an advantage with White, played 
just the day before.} 11.Bd2 {For some reasons, this unnatural move, 
breaking White's connection between the major pieces, is considered best.}
( {I definitely prefer} 11.Be3 {The game I had mentioned in the 
introduction went} 11...Qa5 ( 11...Bf5 12.Qd2 Qd7 {is an easy way to 
complete the development with Black, but White retains the initiative.} 
13.Rfd1 Bh3 ( 13...Rac8 14.c5 {Fominyh,A (2515)-Fish,G (2445)/Alushta 
1994/CBM 041/[Ribli] (1/2, 47)} ) 14.Bh1 Rac8 15.c5 $5 {Filippov,V 
(2621)-Stojanovski,D (2405)/Saint Vincent 2005/CBM 110/[Ribli] (1-0, 50)} 
) ( 11...Ng4 {This time consuming manoeuvre leads to simplifications and a
slightly worse position for Black.} 12.Bd4 Ne5 13.Qd1 Rb8 14.Rc1 Be6 15.
Nd5 b5 16.c5 Bxd5 17.Bxd5 dxc5 18.Bxc5 Nd7 19.b4 Nxc5 20.bxc5 Qc7 21.Qb3 
e6 22.Bf3 Rfd8 23.c6 $14 {Boersma,P (2385)-Smejkal,J (2515)/Bad 
Woerishofen 1988/TD (1-0, 30). It is hard to give a definitive evaluation 
to this position, but play is rather one-sided, because of the strong 
c6-pawn.} ) 12.Bd4 Bf5 13.e4 Be6 14.f4 {This attacking action may be 
premature, as my opponent managed to prove.} 14...Rac8 15.b3 b5 16.cxb5 
Ng4 17.Bxg7 Kxg7 18.Qd4+ Kg8 19.Rac1 axb5 20.f5 b4 $132 {Marin,M 
(2556)-Leon Hoyos,M (2542)/Reykjavik 2009 (1/2, 62)} ) 11...Rb8 12.Rac1 
Bf5 13.e4 Bd7 {[%cal Gb7b5] Everything is ready now for the queenside 
counterplay.} 14.a4 {This prevents Black's plan in a radical way, but 
weakens the b4-square, allowing Black to establish a stable blockade on 
the dark squares.} ( {The main continuation is} 14.h3 {Some time ago, I 
had annotated the following game: Bruzon Bautista,L (2667)-Carlsen,M 
(2675)/Biel 2006/CBM 114/[Marin,M] (1/2, 49)} ) 14...Bc6 $146 {[%cal 
Gf6d7,Gd7c5,Ga6a5] Black clears the d7-square for the knight.} ( 14...Ng4 
$6 {is time consuming and send the knight on an unfavourable path.} 15.b3 
Ne5 16.Qe2 Bc6 17.b4 b6 18.Rfe1 e6 {Petrosian,A (2320)-Vasiukov,E 
(2560)/Riga 1975/MCD.} 19.f4 Nd7 20.Qd3 Qc7 ( 20...Qe7 21.e5 Bxg2 22.exd6 
$16 ) 21.Nb5 $1 axb5 22.cxb5 Bxe4 23.Bxe4 Qa7 24.Bc6 $16 ) ( {In my 
initial comments I had recommended} 14...a5 {, but during the game I did 
not like} 15.Nb5 Bc6 16.e5 dxe5 17.Qxd8 Rfxd8 18.Bxa5 $14 ) 15.b3 Nd7 16.
Rfd1 Nc5 17.Qc2 Qb6 $6 {Still following Velimirovic' plan. I was aware of 
the fact that the presence of the dark-squared bishops tends to favour 
White, but I relied on the increased weakness of the white queenside.} ( {
Now, I would play} 17...a5 18.Be3 b6 19.Nd5 e6 20.Nc3 Rb7 {as Petrosian 
did.} ) 18.Rb1 a5 {By now, I had realised my mistake and hoped to be given
a second chance.} 19.Be3 $6 {And my opponent fortunately gave me one!} ( {
Against} 19.Nd5 {I was ready to play} 19...Qd8 {[%cal Gb7b6]} ( 19...Bxd5 
20.exd5 Rfe8 21.Be3 e6 22.dxe6 Rxe6 23.Bd5 $14 ) ) 19...Rfe8 $1 {[%csl 
Ge7]} 20.Nd5 Qa7 $1 {Everything is fine for Black now.} 21.Bg5 b6 22.Qd2 
Rbd8 23.Re1 ( 23.e5 $2 {[%csl Gc6][%cal Gd5e7] does not work because of 
the intermediate} 23...Bxd5 $1 ) 23...f6 ( {I refrained from} 23...Qb7 $6 
{because of} 24.e5 $5 $36 ) 24.Be3 e6 25.Nc3 Qa8 26.Bd4 {With his 
c3-knight unstable, White feels like neutralising the g7-bishop, but the 
exchange of the dark squared bishops will increase the stability of the 
c5-knight.} 26...Rd7 27.h4 f5 $132 {Finally, I was on familiar paths 
again. Black has a solid position and can hope to get strong counterplay.}
28.Bxg7 Kxg7 29.b4 $6 {White did not feel like sitting and waiting. The 
opening of the queenside ruins his structure and, as we will see, is 
unsound tactically.} 29...axb4 30.Rxb4 fxe4 31.Rxb6 e3 $1 $17 32.Rxe3 ( 
32.fxe3 Bxg2 33.Qxg2 Qa5 34.Qb2 Nd3 $17 ) 32...Bxg2 33.Rxd6 Rxd6 34.Qxd6 
Qc6 35.Qe5+ ( 35.Qd4+ e5 36.Rxe5 Qf6 37.f4 Rxe5 38.Qxe5 Qxe5 39.fxe5 Bc6 
$19 ) 35...Kg8 36.Nd5 Bxd5 37.cxd5 Qxa4 38.dxe6 Nxe6 {Black has good 
chances to convert his extra piece into a win, which determined White's 
search for salvation in a fortress type of ending.} 39.Qxe6+ Rxe6 40.Rxe6 
{I knew this ending rather well, as I had studied it from Averbakh's books
some 10 years ago. In order to win, Black needs to cross the f-file with 
his king.} 40...Qd1+ $1 ( 40...Kf7 $2 41.Re3 $1 $11 ) 41.Kh2 ( 41.Kg2 $2 
Qd5+ ) 41...Kf7 ( 41...Qf1 42.Rf6 $1 $11 ) 42.Re3 Qf1 43.Rf3+ Ke6 44.Rf8 
h6 {Once the king has been activated, Black does not really need to keep 
his queen on f1, but, from a practical point of view, it is useful to keep
White as passive as possible.} ( {The immediate invasion would not bring 
the desired results.} 44...Ke5 45.Re8+ Kd4 46.Rd8+ Ke4 47.Re8+ Kf3 48.Rf8+
Ke2 49.Re8+ Kxf2 $2 50.Rf8+ Ke2 51.Rxf1 Kxf1 52.g4 $11 ) 45.Rf4 g5 46.hxg5
hxg5 47.Rf8 g4 48.Rf4 {After making this move, my opponent offered a draw,
probably relying on his lack of weaknesses.} 48...Ke5 49.Rxg4 $6 {This 
makes Black's win a mere formality.} ( 49.Rf8 {would have been more 
stubborn.} 49...Ke4 50.Rf4+ ( 50.Re8+ Kf3 51.Rf8+ Ke2 52.Re8+ Kxf2 53.Rf8+
Ke2 54.Rxf1 Kxf1 $19 ) 50...Kd3 51.Rxg4 ( 51.Rf8 Ke2 52.Rf4 Qxf2+ $1 $19 )
51...Qxf2+ 52.Kh3 Qf5 53.Kh4 Qh7+ 54.Kg5 Qh3 $19 {This is winning 
according to old books and to the modern tablebases as well, but over the 
board it is not easy to prove it.} ) 49...Qxf2+ 50.Kh3 Qf5 $1 {Several 
moves are winning, but this wins the g-pawn by force.} ( {One of the few 
bad moves is} 50...Qe2 $2 {when after} 51.Rf4 $11 {the position is drawn. 
I had learned that during the international solving contest, Belgrade 
2007. I had given a similar position as winning for Black, but this is 
true only if the black king manages to cross the fourth rank, which is not
the case here.} ) 51.Kh4 Qh7+ 52.Kg5 Qf5+ {I had seen the winning idea, 
but wanted to gain some time, just in case my opponent continued to play 
on with rook vs queen.} 53.Kh4 Qh7+ 54.Kg5 Qh3 {Instead, he immediately 
resigned and apologised for his untimely draw offer.} 0-1

[Event "24th Reykjavik op"]
[Site "Reykjavik ISL"]
[Date "2009.03.29"]
[Round "6.5"]
[White "Vocaturo, Daniele"]
[Black "Oleksienko Mikhailo"]
[WhiteElo "2445"]
[BlackElo "2550"]
[Result "1-0"]
[EventDate "2009.03.24"]
[PlyCount "65"]

1.e4 c5 2.Nf3 Nc6 3.d4 cxd4 4.Nxd4 Nf6 5.Nc3 Qb6 6.Nb3 e6 7.Bd3 a6 8.O-O 
d6 9.Be3 Qc7 10.f4 b5 11.Qf3 Bb7 12.Qh3 Be7 13.Rae1 O-O 14.Rf3 Nb4 15.Rg3 
Kh8 16.Nd4 g6 17.f5 gxf5 18.Nxf5 exf5 19.Bd4 f4 20.Rf1 fxg3 21.Rxf6 Qb6 
22.Bxb6 Bxf6 23.Qd7 gxh2+ 24.Kh1 Nxd3 25.cxd3 Bc8 26.Qxd6 Be6 27.d4 Bg7 
28.d5 Bg4 29.Qf4 Bd7 30.e5 Rac8 31.Bd4 b4 32.Ne4 Rcd8 33.Nf6 1-0

[Event "24th Reykjavik op"]
[Site "Reykjavik ISL"]
[Date "2009.03.29"]
[Round "6.6"]
[White "Hillarp Persson, Tiger"]
[Black "Leon Hoyos, Manuel"]
[WhiteElo "2586"]
[BlackElo "2542"]
[Result "1-0"]
[EventDate "2009.03.24"]
[PlyCount "73"]

1.Nf3 c5 2.c4 Nc6 3.e3 Nf6 4.Nc3 e5 5.a3 Be7 6.Qc2 O-O 7.Bd3 d6 8.b3 h6 9.
Bb2 Be6 10.O-O a6 11.Rab1 Qd7 12.Rfd1 Rab8 13.Ba1 Rfc8 14.Be2 Qe8 15.d3 b5
16.Nd2 Qd8 17.Nde4 Nh7 18.Nd5 f5 19.Nec3 Bf8 20.b4 cxb4 21.axb4 a5 22.bxa5
b4 23.Nb6 bxc3 24.Bxc3 Rc7 25.d4 exd4 26.exd4 Ne7 27.Bd3 Ng5 28.f3 Bc8 29.
Re1 Ba6 30.d5 Nf7 31.f4 Rcb7 32.Bd4 Rc7 33.h3 h5 34.Kh2 Nh6 35.Re6 Bc8 36.
Nxc8 Qxc8 37.Qe2 1-0

[Event "24th Reykjavik op"]
[Site "Reykjavik ISL"]
[Date "2009.03.29"]
[Round "6.9"]
[White "Stefansson, Hannes"]
[Black "Rombaldoni, Denis"]
[WhiteElo "2563"]
[BlackElo "2418"]
[Result "1-0"]
[EventDate "2009.03.24"]
[PlyCount "74"]

1.e4 c6 2.d4 d5 3.Nd2 dxe4 4.Nxe4 Bf5 5.Ng3 Bg6 6.h4 h6 7.Nf3 Nd7 8.h5 Bh7
9.Bd3 Bxd3 10.Qxd3 e6 11.Bf4 Qa5+ 12.Bd2 Bb4 13.c3 Be7 14.c4 Qc7 15.O-O-O 
Ngf6 16.Kb1 O-O 17.Qe2 Bd6 18.Ne4 Nxe4 19.Qxe4 Nf6 20.Qe2 b5 21.g4 Nxg4 
22.Rdg1 f5 23.Qxe6+ Kh7 24.Nh4 Rf6 25.Qe2 Qd7 26.Bc1 Qf7 27.c5 Bf8 28.Qc2 
Qc4 29.f3 Qxc2+ 30.Kxc2 Nf2 31.Rh2 Rd8 32.Be3 Nd3 33.Kxd3 f4 34.Bf2 Bxc5 
35.Rhg2 Rf7 36.Rc1 Bb6 37.Rxc6 Rfd7 1-0

[Event "24th Reykjavik op"]
[Site "Reykjavik ISL"]
[Date "2009.03.29"]
[Round "6.10"]
[White "Nataf, Igor-Alexandre"]
[Black "Thorfinnsson, Bjorn"]
[WhiteElo "2533"]
[BlackElo "2408"]
[Result "1-0"]
[EventDate "2009.03.24"]
[PlyCount "55"]

1.e4 e5 2.Nf3 Nc6 3.d4 exd4 4.Nxd4 Bc5 5.Nxc6 Qf6 6.Qf3 dxc6 7.Nc3 Be6 8.
Qg3 O-O-O 9.Be3 Bd4 10.Bxd4 Rxd4 11.f4 Ne7 12.Bd3 Rhd8 13.O-O Bc4 14.Bxc4 
Rxc4 15.Qh3+ Kb8 16.Qxh7 Rd2 17.e5 Qf5 18.Qxf5 Nxf5 19.Rad1 Rcd4 20.Rxd2 
Rxd2 21.Rf2 Rxf2 22.Kxf2 Nd4 23.h4 Nxc2 24.f5 Nd4 25.g4 Kc8 26.h5 Kd7 27.
f6 gxf6 28.h6 1-0

[Event "24th Reykjavik op"]
[Site "Reykjavik ISL"]
[Date "2009.03.29"]
[Round "6.11"]
[White "Breder, Dennis"]
[Black "Williams, Simon"]
[WhiteElo "2427"]
[BlackElo "2507"]
[Result "1/2-1/2"]
[EventDate "2009.03.24"]
[PlyCount "31"]

1.e4 e6 2.d4 b6 3.Nf3 Bb7 4.Bd3 d6 5.c4 Nd7 6.Nc3 g6 7.Be3 Bg7 8.Qd2 h6 9.
Bc2 Ne7 10.d5 e5 11.g4 h5 12.g5 a6 13.b4 a5 14.b5 Nc5 15.O-O-O O-O 16.a4 
1/2-1/2

[Event "24th Reykjavik op"]
[Site "Reykjavik ISL"]
[Date "2009.03.29"]
[Round "6.13"]
[White "Meszaros, Michal"]
[Black "Siebrecht, Sebastian"]
[WhiteElo "2376"]
[BlackElo "2440"]
[Result "1/2-1/2"]
[EventDate "2009.03.24"]
[PlyCount "51"]

1.e4 c5 2.Nf3 e6 3.d4 cxd4 4.Nxd4 a6 5.Be2 Nf6 6.Nc3 Qc7 7.O-O d6 8.f4 Be7
9.Kh1 Nc6 10.Be3 Bd7 11.Bf3 O-O 12.g4 Nxd4 13.Qxd4 e5 14.Qd1 exf4 15.Bxf4 
Be6 16.g5 Nd7 17.Nd5 Bxd5 18.Qxd5 Ne5 19.c3 Rac8 20.Rad1 g6 21.Bg2 Qb8 22.
Be3 Nc4 23.Bd4 Ne5 24.Be3 Nc4 25.Bd4 Ne5 26.Be3 1/2-1/2

[Event "24th Reykjavik op"]
[Site "Reykjavik ISL"]
[Date "2009.03.29"]
[Round "6.14"]
[White "Kjartansson, Gudmundur"]
[Black "Galego, Luis"]
[WhiteElo "2365"]
[BlackElo "2494"]
[Result "1/2-1/2"]
[EventDate "2009.03.24"]
[PlyCount "105"]

1.c4 Nf6 2.Nc3 d6 3.d4 Nbd7 4.Nf3 e5 5.e4 Be7 6.Be2 O-O 7.O-O exd4 8.Nxd4 
Re8 9.f3 Bf8 10.Bg5 c6 11.Qd2 h6 12.Be3 d5 13.cxd5 cxd5 14.exd5 Nb6 15.Bf2
Nbxd5 16.Bc4 Nb6 17.Bb3 Be6 18.Bxe6 Rxe6 19.Rad1 Rd6 20.Qc2 Nbd5 21.Ne4 
Nxe4 22.fxe4 Rc8 23.Qb3 Nf4 24.Qf3 Ng6 25.Kh1 Rc4 26.Nf5 Rxd1 27.Rxd1 Qa5 
28.a3 Rc2 29.Bd4 Rc6 30.Rf1 Qc7 31.Bc3 Re6 32.Qd3 Ne5 33.Qg3 Kh7 34.Rd1 f6
35.h4 Qf7 36.Rd5 Qe8 37.Bb4 g6 38.Nd4 Rb6 39.Bxf8 Qxf8 40.Qc3 h5 41.b4 Qe7
42.Qc8 Rd6 43.Rxd6 Qxd6 44.Qxb7+ Kh6 45.Qxa7 Ng4 46.Nf3 Qd1+ 47.Qg1 Nf2+ 
48.Kh2 Qd6+ 49.g3 Ng4+ 50.Kg2 Qd3 51.Qc1+ Kh7 52.Qc7+ Kh6 53.Qc1+ 1/2-1/2

[Event "24th Reykjavik op"]
[Site "Reykjavik ISL"]
[Date "2009.03.29"]
[Round "6.15"]
[White "Harika, Dronavalli"]
[Black "Carlhammar, Magnus"]
[WhiteElo "2473"]
[BlackElo "2350"]
[Result "1/2-1/2"]
[EventDate "2009.03.24"]
[PlyCount "31"]

1.d4 Nf6 2.c4 g6 3.Nc3 d5 4.Bg5 Ne4 5.Bh4 c5 6.cxd5 Nxc3 7.bxc3 Qxd5 8.e3 
cxd4 9.Qxd4 Qxd4 10.cxd4 e6 11.Rb1 Be7 12.Bg3 O-O 13.Nf3 b6 14.Bb5 Bb7 15.
Ke2 Nc6 16.Rhc1 1/2-1/2

[Event "24th Reykjavik op"]
[Site "Reykjavik ISL"]
[Date "2009.03.29"]
[Round "6.16"]
[White "Kristjansson, Stefan"]
[Black "Rombaldoni, Axel"]
[WhiteElo "2472"]
[BlackElo "2309"]
[Result "0-1"]
[EventDate "2009.03.24"]
[PlyCount "73"]

1.e4 c5 2.c3 d5 3.exd5 Qxd5 4.d4 Nc6 5.Nf3 Bf5 6.Na3 cxd4 7.Bc4 Qe4+ 8.Be3
e6 9.cxd4 Bb4+ 10.Kf1 Nf6 11.Ng5 Qh4 12.g3 Qh6 13.h3 Qg6 14.g4 Be4 15.f3 
Bxa3 16.bxa3 Bc2 17.Qe2 Nd5 18.Rc1 h6 19.Kf2 Nxe3 20.Qxe3 hxg5 21.d5 Ne7 
22.Bb5+ Kf8 23.d6 Nd5 24.Qc5 Qf6 25.Rxc2 g6 26.Bc4 Nf4 27.Rd2 Nxh3+ 28.Ke3
Kg7 29.Qd4 e5 30.Qe4 Nf4 31.Rxh8 Rxh8 32.Qxb7 e4 33.Qb2 exf3 34.Kxf3 Rh3+ 
35.Ke4 Rc3 36.Bb3 Ne6 37.Bxe6 0-1

[Event "24th Reykjavik op"]
[Site "Reykjavik ISL"]
[Date "2009.03.29"]
[Round "6.17"]
[White "Grandelius, Nils"]
[Black "Thorsteinsson, Thorsteinn"]
[WhiteElo "2464"]
[BlackElo "2288"]
[Result "1-0"]
[EventDate "2009.03.24"]
[PlyCount "109"]

1.Nf3 d6 2.d4 f5 3.Nc3 Nf6 4.Bg5 d5 5.Ne5 Be6 6.f3 Nbd7 7.Qd2 c6 8.O-O-O 
Qa5 9.Nxd7 Bxd7 10.e4 fxe4 11.fxe4 O-O-O 12.e5 Ne8 13.Kb1 Nc7 14.Be2 Kb8 
15.Rhf1 Rc8 16.Be3 e6 17.Ne4 Qxd2 18.Nxd2 Be8 19.Bg4 Be7 20.Nf3 h6 21.Ng1 
g5 22.Rf2 Bg6 23.Rdf1 Rcf8 24.Rxf8+ Rxf8 25.Rxf8+ Bxf8 26.Ne2 h5 27.Bf3 g4
28.Nf4 gxf3 29.Nxg6 Bh6 30.Bg1 fxg2 31.Nh4 Ne8 32.Nxg2 Ng7 33.Be3 Bxe3 34.
Nxe3 Kc8 35.Kc1 Kd7 36.Kd2 Ke7 37.Ke2 Kf7 38.Kf3 Kg6 39.Kf4 Kh6 40.c3 Kg6 
41.Ng2 Nf5 42.Ne1 Ne7 43.Nd3 b6 44.Nb4 Kh6 45.a4 Ng6+ 46.Kf3 Ne7 47.Na6 
Kg6 48.Kf4 h4 49.b4 Kf7 50.Nb8 Ke8 51.Kg5 h3 52.Kf6 Nf5 53.Kxe6 Ng3 54.Nd7
Nf1 55.Nf6+ 1-0

[Event "24th Reykjavik op"]
[Site "Reykjavik ISL"]
[Date "2009.03.29"]
[Round "6.18"]
[White "Shytaj, Luca"]
[Black "Gretarsson, Hjorvar Steinn"]
[WhiteElo "2453"]
[BlackElo "2279"]
[Result "1/2-1/2"]
[EventDate "2009.03.24"]
[PlyCount "88"]

1.e4 c5 2.Nf3 e6 3.d3 d5 4.Nbd2 g6 5.g3 Bg7 6.Bg2 Ne7 7.O-O Nbc6 8.Re1 b6 
9.c3 Bb7 10.Qe2 Qd7 11.a3 a5 12.exd5 exd5 13.d4 O-O 14.dxc5 Ba6 15.Qd1 
bxc5 16.Nb3 Qa7 17.Be3 d4 18.cxd4 Rad8 19.Nxc5 Nf5 20.Qa4 Ncxd4 21.Nxd4 
Nxe3 22.fxe3 Qxc5 23.b4 Qg5 24.Qxa5 Qxa5 25.bxa5 Rxd4 26.exd4 Bxd4+ 27.Kh1
Bxa1 28.Rxa1 Rc8 29.Kg1 Rc5 30.Bf1 Rxa5 31.Bxa6 Rxa6 32.Kf2 Kf8 33.Ke3 Ke7
34.Kd4 Kd6 35.a4 Ra5 36.Kc4 Kc6 37.Kb4 Re5 38.Rc1+ Kb6 39.Rc4 h5 40.Rd4 
Re2 41.Rd6+ Kc7 42.Rf6 Rxh2 43.Rxf7+ Kb8 44.Rg7 Rg2 1/2-1/2

[Event "24th Reykjavik op"]
[Site "Reykjavik ISL"]
[Date "2009.03.29"]
[Round "6.19"]
[White "Thorhallsson, Throstur"]
[Black "Cori Tello, Deysi Estela"]
[WhiteElo "2442"]
[BlackElo "2256"]
[Result "1/2-1/2"]
[EventDate "2009.03.24"]
[PlyCount "76"]

1.e4 e6 2.d4 d5 3.Nc3 Nf6 4.e5 Nfd7 5.f4 c5 6.Nf3 Nc6 7.Be3 a6 8.Qd2 b5 9.
g3 b4 10.Ne2 a5 11.Bh3 g6 12.O-O h5 13.Ng5 cxd4 14.Nxd4 Nxd4 15.Bxd4 Bc5 
16.c3 Qb6 17.Rf2 Ra7 18.Re1 Nb8 19.Qe3 Rc7 20.Rd1 Bd7 21.Bg2 Ba4 22.Re1 
bxc3 23.bxc3 Bxd4 24.cxd4 Rc4 25.Rd2 Nc6 26.Nf3 Nb4 27.Rb2 Qc7 28.Reb1 Bc2
29.Rf1 Bd3 30.Rd1 Bc2 31.Rf1 Bd3 32.Rd1 Bc2 33.Rf1 Bd3 34.Re1 Be4 35.Rf1 
Bd3 36.Rd1 Bc2 37.Rf1 Bd3 38.Rd1 Bc2 1/2-1/2

[Event "24th Reykjavik op"]
[Site "Reykjavik ISL"]
[Date "2009.03.29"]
[Round "6.20"]
[White "Lagerman, Robert"]
[Black "Lund Esben"]
[WhiteElo "2368"]
[BlackElo "2421"]
[Result "0-1"]
[EventDate "2009.03.24"]
[PlyCount "28"]

1.e4 e5 2.Nf3 Nc6 3.d4 exd4 4.Bc4 Nf6 5.e5 Ng4 6.Qe2 Qe7 7.Bf4 b5 8.Bxb5 
Qb4+ 9.c3 dxc3 10.Nxc3 Qxf4 11.Nd5 Qh6 12.Nxc7+ Kd8 13.Nxa8 Bc5 14.O-O Nd4
0-1

[Event "24th Reykjavik op"]
[Site "Reykjavik ISL"]
[Date "2009.03.29"]
[Round "6.22"]
[White "Cohen, Or"]
[Black "Thorfinnsson, Bragi"]
[WhiteElo "2286"]
[BlackElo "2383"]
[Result "1-0"]
[EventDate "2009.03.24"]
[PlyCount "91"]

1.c4 c5 2.Nc3 Nc6 3.Nf3 g6 4.g3 Bg7 5.Bg2 e5 6.d3 Nge7 7.Bg5 f6 8.Bd2 d6 
9.O-O O-O 10.a3 Be6 11.Rb1 a5 12.Qc1 g5 13.Ne1 Rc8 14.Nc2 d5 15.cxd5 Nxd5 
16.Nxd5 Bxd5 17.Bxd5+ Qxd5 18.Ne3 Qd7 19.Re1 b6 20.Qc4+ Kh8 21.Qd5 Qc7 22.
b4 Rfd8 23.Qg2 cxb4 24.axb4 a4 25.b5 Nd4 26.Nc4 h6 27.Be3 f5 28.Bxd4 Rxd4 
29.Ra1 e4 30.Rxa4 exd3 31.exd3 Rxd3 32.Ne3 Rf8 33.Ra8 Rdd8 34.Rxd8 Qxd8 
35.Qf3 f4 36.Rd1 Qf6 37.Nd5 Qb2 38.Qh5 Ra8 39.Nxb6 Rg8 40.Nc4 Qxb5 41.Nd6 
Qc5 42.Qg6 Rf8 43.Nf7+ Kg8 44.Nxh6+ Kh8 45.Nf7+ Kg8 46.Nxg5 1-0